00264nam a2200085Ia 450000100070000000500170000700800410002424500870006526000260015266499820250826160242.0250824s9999 xx 000 0 und d 0aHayvanlarda Saldırı ve Savunma Tehlike Habercisi RenklercKimberley Jane Pryor bTÜBİTAK YAYINLARI